| 000 | 00000nam##2200000za#4500 |
| 001 | 9.648083 |
| 003 | CaOODSP |
| 005 | 20200330091719 |
| 007 | ta |
| 008 | 150407|2001||||xxc||||| f|0| 0 eng|d |
| 020 | |a0-662-30071-8 |
| 040 | |aCaOODSP|beng |
| 043 | |an-cn--- |
| 086 | 1 |aE2-226/2000E |
| 110 | 1 |aCanada.|bForeign Affairs and International Trade. |bCanadian Centre for Foreign Policy Development. |
| 245 | 10|aPerspectives on the borderless world: issues for Canada / |cby Heather Nicol and Ian Townsend-Gault. |
| 260 | |aOttawa - Ontario : |bForeign Affairs and International Trade. |c2001. |
| 300 | |a19p. (including 16 unnumbered pages). ; |c28 cm. |
| 563 | |aSoftcover |
| 590 | |a01-48|b2001-11-30 |
| 690 | 07|aBorder crossing|2gcpds |
| 690 | 07|aNational security|2gcpds |
| 690 | 07|aForeign policy|2gcpds |
| 720 | 1 |aNicol, Heather |
| 720 | 1 |aTownsend-Gault, Ian |
| 776 | 0#|tPerspectives on the borderless world : |w(CaOODSP)9.686025 |
| 986 | |a1010.2E |